00330nam a2200121 a 450000500170000000800410001705000220005810000200008024500470010026000350014744000150018265000110019720140414132109.0110115s19uu xx 00 eng d aM 612.8bB35 2007 aBerger, Melvin. aGo to sleep /cby Melvin and Gilda Berger. aNew York :bScholastic,c2007. aNow I know a Sleep